Normal view
MARC view
- Jones, Emily M.
Entry Personal Name
001 - CONTROL NUMBER
- control field: 69735
003 - CONTROL NUMBER IDENTIFIER
- control field: OSt
005 - DATE AND TIME OF LATEST TRANSACTION
- control field: 20260213153747.0
008 - FIXED-LENGTH DATA ELEMENTS
- fixed length control field: 260213|| aca||aabn | a|a d
040 ## - CATALOGING SOURCE
- Original cataloging agency: OSt
100 ## - HEADING--PERSONAL NAME
- Personal name: Jones, Emily M.
- Relator term: 29 cm.
